Chọn lọc nhóm Cỏ cứt heo (Ageratum Conyzoides Lines) có khả năng kháng khuẩn cao và thử nghiệm điều trị bệnh do Staphylococcus Aureus) trên chuột bạch : Luận văn tốt nghiệp cao học Ngành Thú y

Đề tài chọn lọc nhóm cỏ cứt heo có tính kháng khuẩn cao, khảo sát hiệu quả điều trị của cao cỏ cứt heo đối với bệnh nhiễm khuẩn do Staphylococcus Aureus trên chuột bạch.

Đã lưu trong:
書目詳細資料
主要作者: Nguyễn, Thị Hàn Ni
格式: 圖書
語言:Undetermined
出版: Cần Thơ Trường Đại học Cần Thơ 2014
主題:
標簽: 添加標簽
沒有標簽, 成為第一個標記此記錄!
Thư viện lưu trữ: Trung tâm Học liệu Trường Đại học Cần Thơ
LEADER 01155nam a2200217Ia 4500
001 CTU_190471
008 210402s9999 xx 000 0 und d
082 |a 636.0896 
082 |b N300 
088 |a 60640101 
100 |a Nguyễn, Thị Hàn Ni 
245 0 |a Chọn lọc nhóm Cỏ cứt heo (Ageratum Conyzoides Lines) có khả năng kháng khuẩn cao và thử nghiệm điều trị bệnh do Staphylococcus Aureus) trên chuột bạch : 
245 0 |b Luận văn tốt nghiệp cao học Ngành Thú y 
245 0 |c Nguyễn Thị Hàn Ni ; Huỳnh Kim Diệu (Cán bộ hướng dẫn) 
260 |a Cần Thơ 
260 |b Trường Đại học Cần Thơ 
260 |c 2014 
520 |a Đề tài chọn lọc nhóm cỏ cứt heo có tính kháng khuẩn cao, khảo sát hiệu quả điều trị của cao cỏ cứt heo đối với bệnh nhiễm khuẩn do Staphylococcus Aureus trên chuột bạch. 
650 |a Animals Diseases,Bệnh động vật 
910 |a Hải 
980 |a Trung tâm Học liệu Trường Đại học Cần Thơ